000 00506nam a2200193Ia 4500
005 20240823032455.0
008 240823s9999||||xx |||||||||||||| ||und||
020 _a978-81-315-1153-4
041 _aENGLISH
082 _A005.73 Q0
100 _a"Forouzan,Behrouz A et al."
245 0 _aData Structures and Algorithms
250 _a1st
260 _c2010
_bCengage Learning
_aNew Delhi
500 _aTRANSFERED
650 _aData Structures
_bComputer Applications
942 _cBK
999 _c193522
_d193522